| 000 | 00862nmm a2200277 a 4500 | ||
|---|---|---|---|
| 001 | ocm000964942 | ||
| 003 | TR-IsHL | ||
| 005 | 20201028150729.0 | ||
| 008 | 150110s2013 tu tur | ||
| 007 | cr cn | ||
| 020 | _a9786055831479 | ||
| 035 |
_a964942 _b(N$T) |
||
| 050 | 0 | 4 |
_aPL248.F47 _bE75 2013 |
| 090 | 0 | 4 |
_aPL248.F47 _bE75 2013 |
| 100 | 1 | _aFerah, Tülay | |
| 245 | 1 | 0 |
_aErkek _h[electronic resource] / _cTülay Ferah ; ed. Emel Balkan |
| 260 |
_aİstanbul : _bAltın Bilek Yayınları, _c2013 |
||
| 300 | _a169 p. | ||
| 650 | 4 | _aDil ve Edebiyat | |
| 650 | 4 | _aLanguage and Literature | |
| 650 | 0 | _aTürk romanı | |
| 650 | 0 | _aTurkish fiction | |
| 650 | 7 |
_aLITERARY COLLECTIONS / Middle Eastern _2bisacsh |
|
| 700 | 1 | _aBalkan, Emel | |
| 856 | 4 | 0 | _uhttp://search.ebscohost.com/login.aspx?direct=true&scope=site&db=e011xww&AN=964942 |
| 999 |
_c10631 _d10631 |
||